|
|
|
|
| LEADER |
00000cam a2200000 a 4500 |
| 001 |
vtls001464357 |
| 003 |
SK-MaSNL |
| 005 |
20260425235016.0 |
| 008 |
240226s2003 xo grf 000 0 slo |
| 015 |
|
|
|a SNBA2004/05-01836
|
| 020 |
|
|
|a 8070983582
|
| 035 |
|
|
|a SNK000419662
|
| 035 |
|
|
|a urn:nbn:sk:snk-am3ix6a
|
| 035 |
|
|
|a 43804FAD-543A-4C3C-B41E-2CC8EE84ADC5
|
| 035 |
|
|
|a urn:nbn:sk:snk-am00g3pj
|
| 040 |
|
|
|a SNK
|b slo
|c SNK
|e AACR2
|
| 041 |
0 |
|
|a slo
|
| 044 |
|
|
|a xo
|c SK
|
| 072 |
|
7 |
|a 811.162.4
|x Slovenčina
|2 konspekt
|
| 072 |
|
7 |
|a 37
|x Výchova a vzdelávanie
|2 konspekt
|
| 080 |
|
|
|a 811.162.4
|2 2011
|
| 080 |
|
|
|a 373.3
|2 2011
|
| 080 |
|
|
|a 37.01/.09
|2 2011
|
| 080 |
|
|
|a (035)
|2 2011
|
| 080 |
|
|
|a 006
|2 2011
|
| 100 |
1 |
|
|a Somorová, Renáta
|4 aut
|9 17513
|
| 245 |
1 |
0 |
|a Vzdelávací štandard zo slovenského jazyka pre 1. stupeň základnej školy
|c vypracovali: Renáta Somorová, Ľudmila Vavreková
|
| 250 |
|
|
|a [1. vydanie]
|
| 260 |
|
|
|a [Bratislava]
|b [Ústav informácií a prognóz školstva]
|c [2003]
|
| 300 |
|
|
|a 29 cm
|c 21 cm
|
| 500 |
|
|
|a Vydavateľské údaje podľa ISBN
|
| 650 |
0 |
7 |
|a slovenčina
|2 SNKPH
|9 1350
|
| 650 |
0 |
7 |
|a základné školy
|2 SNKPH
|9 1280
|
| 650 |
0 |
7 |
|a vzdelávanie
|2 SNKPH
|9 4033
|
| 650 |
0 |
7 |
|a normy a štandardy
|2 SNKPH
|9 74702
|
| 655 |
|
7 |
|a príručky
|2 SNKPH
|9 74364
|
| 700 |
1 |
|
|a Vavreková, Ľudmila
|4 aut
|9 12893
|
| 919 |
|
|
|a 80-7098-358-2
|
| 958 |
|
|
|a OND
|
| 999 |
|
|
|c 816721
|d 818651
|
| 952 |
|
|
|t P60, <03>, [BOOK], {603}
|a SNK
|b SNK
|y PREZ
|7 0
|p 17A0404994
|o snkSC 113832
|i snkKSP 15224/2003
|0 0
|1 0
|4 0
|d 2003-12-01
|f 1
|l 0
|r 2025-10-02 00:00:00
|w 2026-02-24
|
| 952 |
|
|
|t P60, <04>, [BOOK], {604}
|a SNK
|b SNK
|y VYP
|7 0
|p 17A0405793
|o snkSC 113832 D1
|i snkKSP 15815/2003
|0 0
|1 0
|4 0
|d 2003-12-10
|l 0
|r 2005-01-02 00:00:00
|w 2026-02-24
|